[Event "on which square would you like to be mated?"]
[Site "SchemingMind.com"]
[Date "2008.06.23"]
[Round "-"]
[White "WENDELL DUKES"]
[Black "calidore"]
[Result "1/2-1/2"]
[WhiteCountry "USA"]
[BlackCountry "ISR"]
[WhiteElo "1905"]
[WhiteRD "103"]
[BlackElo "1867"]
[BlackRD "47"]
[GameID "160246"]

1. e4 Nf6 2. Nc3 d5 3. exd5 Nxd5 4. Bc4 Nb6 5. Bb3 Nc6 6. a3 Bf5 7. d3 e6 8. Be3 Be7 9. Nge2 Bf6 10. O-O O-O=
11. Ng3 Bg6 12. Rb1 Nd4 13. Ba2 Nf5 14. Nge4 Bxc3 15. Nxc3 Nxe3 16. fxe3 Qg5 17. Qe1 c6 18. Rf3 Nd5 19. e4 Nxc3 20. Qxc3 Rad8
21. Rbf1 Qe7= 22. Bb3 Qd6 23. Kh1 Qd4 24. Qxd4 Rxd4 25. Bxe6 Rd6 26. Bf5 Bxf5= 27. Rxf5 f6 28. e5 Re6 29. d4 Rd8 30. c3 fxe5
31. Re1 e4 32. Kg1 Rde8 33. Re3 g6 34. Rf4 Kg7 35. h4 b5 36. Kf2 a5 37. b3 h6 38. g4 R8e7 39. g5 hxg5 40. hxg5 a4
41. bxa4 bxa4 42. c4 Re8 43. Ke2 R8e7= 44. Kd2 Re8 45. Kc2 R6e7 46. Rf6 Re6 47. Rxe6 Rxe6 48. Kc3 c5 49. dxc5 Re5 50. Kb4 Kf7
51. c6 Ke6 52. c5 Ke7 53. Kb5 Kd8 54. Kb6 Kc8 55. c7 Re6+ 56. c6 Rxc6+ 57. Kb5 Kxc7 58. Rxe4 Rd6 59. Kxa4 Rd5 60. Rg4 Kb6=
61. Kb4 Rb5+ 62. Kc4 Ra5 63. Rg3 Kc6 64. Kb4 Rb5+ 65. Kc4 Rc5+ 66. Kd4 Kd6 67. Ke4 Ke6 68. Kd4 Kd6=
1/2-1/2

[Event "on which square would you like to be mated?"]
[Site "SchemingMind.com"]
[Date "2008.06.23"]
[Round "-"]
[White "calidore"]
[Black "WENDELL DUKES"]
[Result "0-1"]
[WhiteCountry "ISR"]
[BlackCountry "USA"]
[WhiteElo "1867"]
[WhiteRD "47"]
[BlackElo "1905"]
[BlackRD "103"]
[GameID "160247"]

1. e4 c5 2. c3 Nc6 3. d4 cxd4 4. cxd4 d5 5. e5 Bf5 6. Nf3 e6 7. Nc3 Bb4 8. Bd2 h6 9. Bb5 Ne7 10. O-O O-O
11. Rc1 Rc8 12. Ne2 Bxd2 13. Qxd2 a6 14. Ba4 b5 15. Bc2 Qa5 16. Qxa5 Nxa5 17. Bxf5 Nxf5 18. b3 Rfd8 19. g4 Ne7 20. Rfd1 Rxc1
21. Rxc1 Rc8 22. Rxc8+ Nxc8 23. Ne1 Nc6 24. Nd3 N8e7 25. f4 a5 26. Kf2 g5 27. Ke3 Kg7 28. a3 Kg6 29. Nc3 b4 30. axb4 Nxb4
31. Nxb4 axb4 32. Nb5 Nc6 33. Nc7 gxf4+ 34. Kxf4 Nxd4 35. Na6 Nc6 36. h4 f6 37. exf6 e5+ 38. Kg3 Kxf6 39. Kf3 Ke6 40. Ke3 Kd6
41. Kd3 Nd4 42. Nxb4 Nxb3 43. Ke3 Ke6 44. Kf3 Nd4+ 45. Ke3 Nb5 46. Kf3= Nd6 47. Nc2 Nf7 48. Ne3 d4 49. Nf5 Kd5 50. Ne7+ Kc4
51. Nf5 Kc3 52. Ng3 Kc2 53. Nf1 Kd1 54. Ke4 Ke2 55. Ng3+ Kf2 56. Nf5 Ke2 57. Nxd4+= exd4 58. Kxd4 Kf3 59. g5 Nxg5 60. Ke5 Kg4
61. h5 Nh7 62. Ke4 Ng5+ 63. Ke3 Kxh5 64. Kf2 Kg4 65. Kg2 h5 66. Kh2 h4 67. Kg2 h3+ 68. Kh2 Nf3+ 69. Kh1 Ng5 70. Kh2 Ne4
71. Kg1 Kg3 72. Kh1 Nf2+ 73. Kg1 h2+
0-1

[Event "on which square would you like to be mated?"]
[Site "SchemingMind.com"]
[Date "2008.06.28"]
[Round "-"]
[White "flodur"]
[Black "calidore"]
[Result "1-0"]
[WhiteCountry "AUS"]
[BlackCountry "ISR"]
[WhiteElo "2036"]
[WhiteRD "87"]
[BlackElo "1860"]
[BlackRD "62"]
[GameID "160524"]

1. e4 Nf6 2. e5 Nd5 3. d4 d6 4. Nf3 Bg4 5. Be2 c6 6. O-O Bxf3 7. Bxf3 dxe5 8. dxe5 e6 9. Nd2 Be7 10. Re1 Nd7
11. g3 Qc7 12. Qe2 O-O 13. Bg2 Nc5= 14. Nf3 Rad8 15. a3 b5 16. b4 Na4 17. c4 Ndc3 18. Qc2 a5 19. c5 Rd7 20. Bd2 axb4
21. axb4 Nd5 22. Qb3 Rfd8 23. Bg5 h6 24. Bxe7 Rxe7 25. Rad1 Ree8 26. Rd3 Ra8 27. Nd2 Red8= 28. f4 Ne7 29. Rd6 Nd5 30. Bxd5 cxd5
31. Nf3 Rxd6 32. exd6 Qd7 33. Ne5 Qd8 34. Re2 Rc8 35. Qe3 h5 36. Nxf7 Kxf7 37. Qxe6+ Kf8 38. d7 Ra8 39. Qd6+ Kf7 40. Qxd5+ Kg6
41. Re6+ Kh7 42. Qxh5+
1-0

[Event "on which square would you like to be mated?"]
[Site "SchemingMind.com"]
[Date "2008.06.28"]
[Round "-"]
[White "flodur"]
[Black "WENDELL DUKES"]
[Result "1-0"]
[WhiteCountry "AUS"]
[BlackCountry "USA"]
[WhiteElo "2046"]
[WhiteRD "96"]
[BlackElo "1898"]
[BlackRD "90"]
[GameID "160525"]

1. e4 c5 2. Nf3 Nc6 3. d4 cxd4 4. Nxd4 e6 5. Nc3 a6 6. Be2 Ne5 7. f4 Nc6 8. Be3 Be7 9. a4 Bb4 10. Nxc6 bxc6
11. Qd4 Bxc3+ 12. bxc3 Nf6 13. e5 Nd5 14. Bd2 O-O 15. c4 Qb6 16. Qxb6 Nxb6 17. a5 Nxc4 18. Bxc4 Rd8 19. Bb4 Rb8 20. Bd6 Rb2
21. Kd2 Rb5 22. Bxb5 cxb5 23. c4 Bb7 24. cxb5 axb5 25. a6 Bxg2 26. a7 Bc6 27. Bb8 d6 28. exd6 b4 29. a8=Q Bxa8 30. Rxa8 f6
31. Rha1 Kf7 32. Bc7 Rxa8 33. Rxa8 h6 34. d7 Kg6 35. d8=Q b3 36. Qd3+ Kh5 37. Qh3+ Kg6 38. Qxe6 b2 39. Qe8+ Kf5 40. Ra5+ Kg4
41. Qh5#
1-0

[Event "on which square would you like to be mated?"]
[Site "SchemingMind.com"]
[Date "2008.06.28"]
[Round "-"]
[White "calidore"]
[Black "flodur"]
[Result "0-1"]
[WhiteCountry "ISR"]
[BlackCountry "AUS"]
[WhiteElo "1860"]
[WhiteRD "62"]
[BlackElo "2036"]
[BlackRD "87"]
[GameID "160526"]

1. e4 c5 2. c3 d5 3. exd5 Qxd5 4. d4 Nf6 5. Nf3 e6 6. Bd3 Be7 7. O-O O-O 8. Be3 Rd8 9. Qe2 Nc6 10. Rd1 cxd4
11. cxd4 Nb4 12. Nc3 Qh5 13. Bb1 b6 14. a3 Ba6 15. Qe1 Nbd5 16. Nxd5 Nxd5 17. Ne5 Bb7 18. Be4 f6 19. Bf3 Qe8 20. Bxd5 Bxd5
21. Nd3 g5 22. Rac1 Rac8 23. Nb4 Bb7 24. Nd3 Qd7 25. Qe2 Qd5 26. Ne1 Rxc1 27. Rxc1 Rc8 28. Rxc8+ Bxc8 29. h3 Bb7 30. Qf3 Qxf3
31. Nxf3= Bxf3 32. gxf3 Bd6 33. a4 Kf7 34. Kf1 Ke7 35. Ke2 Kd7 36. Kd3 Kc6 37. Kc4 a6 38. b3 h5 39. Bd2 h4 40. Be3 Be7
41. Bd2 f5 42. Be3 g4 43. fxg4 fxg4 44. hxg4 h3
0-1

[Event "on which square would you like to be mated?"]
[Site "SchemingMind.com"]
[Date "2008.06.28"]
[Round "-"]
[White "WENDELL DUKES"]
[Black "flodur"]
[Result "0-1"]
[WhiteCountry "USA"]
[BlackCountry "AUS"]
[WhiteElo "1889"]
[WhiteRD "91"]
[BlackElo "2036"]
[BlackRD "87"]
[GameID "160527"]

1. e4 c5 2. Nf3 Nc6 3. Nc3 a6 4. d3 g6 5. Be2 Bg7 6. Bd2 d6 7. O-O Nf6 8. h3 O-O 9. Qc1 Re8 10. a3 b5
11. Nd5 Nxd5 12. exd5 Ne5 13. c4 e6 14. cxb5 axb5 15. Bh6 exd5 16. Bxg7 Kxg7 17. Re1 d4 18. Nxe5 Rxe5 19. Bf3 Rxe1+ 20. Qxe1 Ra7
21. Qc1 Bb7 22. Bxb7 Rxb7 23. b4 Qb6 24. Qb2 Re7 25. Qd2 Qa7 26. Qb2 c4 27. dxc4 bxc4 28. a4 c3 29. Qc2 Rb7 30. Qb3 Qc5
31. Qxf7+ Kxf7 32. bxc5 c2 33. c6 Rb1+ 34. Kh2 Rxa1 35. c7 c1=Q 36. c8=Q Qf4+ 37. g3 Qxf2#
0-1

[Event "on which square would you like to be mated?"]
[Site "SchemingMind.com"]
[Date "2008.07.01"]
[Round "-"]
[White "Pedro666"]
[Black "calidore"]
[Result "1/2-1/2"]
[WhiteCountry "POL"]
[BlackCountry "ISR"]
[WhiteElo "2074"]
[WhiteRD "83"]
[BlackElo "1860"]
[BlackRD "62"]
[GameID "161098"]

1. e4 Nf6 2. e5 Nd5 3. d4 d6 4. Nf3 Bg4 5. Be2 c6 6. c4 Nc7 7. exd6 exd6 8. d5 cxd5 9. cxd5 Nd7 10. O-O Be7
11. Nc3 O-O 12. Bf4 Nf6 13. Re1 a6 14. a4 Rc8 15. Qd4 Re8 16. Bg5 Bf5 17. Nh4 Bd7 18. Nf3 Nfxd5 19. Nxd5 Bxg5 20. Nb6 Ne6
21. Qxd6 Rc6 22. Qxd7 Rxb6 23. Qxd8 Rxd8 24. Nxg5 Nxg5 25. Rad1 Rxd1 26. Rxd1 Kf8 27. Rd2 Rb4 28. Bd1 Ne4 29. Rc2 Ke8 30. g3 Nd6=
1/2-1/2

[Event "on which square would you like to be mated?"]
[Site "SchemingMind.com"]
[Date "2008.06.27"]
[Round "-"]
[White "Pedro666"]
[Black "WENDELL DUKES"]
[Result "1-0"]
[WhiteCountry "POL"]
[BlackCountry "USA"]
[WhiteElo "2084"]
[WhiteRD "87"]
[BlackElo "1877"]
[BlackRD "94"]
[GameID "161099"]

1. d4 d6 2. Nf3 Bf5 3. c4 c6 4. Nc3 h6 5. e4 Bh7 6. Bd3 Nf6 7. O-O e6 8. Re1 Be7 9. e5 dxe5 10. Bxh7 exd4
11. Nxd4 Nxh7 12. Be3 O-O 13. Qf3 Ng5 14. Qe2 Nd7 15. Rad1 Qc8 16. f4 Nh7 17. Bf2 Bb4 18. g4 Nb6 19. Nf3 Qc7 20. Ne5 Rad8
21. Qe3 Nf6 22. Kg2 Nbd7 23. Bg3 Bc5 24. Qe2 Nxe5 25. fxe5 Nh7 26. Ne4 Be7 27. h4 Bb4 28. Rf1 Be7 29. Nd6 Bxd6 30. exd6 Qd7
31. Rde1 Rfe8 32. Qe3 b6 33. g5 e5 34. gxh6 Qg4 35. c5 g6 36. Qb3 Re6 37. Rxe5 Nf8 38. Rf4 Qxf4 39. Bxf4 bxc5 40. Rxe6 Nxe6
41. Be5 Kh7 42. Qf3 f5 43. Qxc6 Kxh6 44. d7 Nd4 45. Bxd4 cxd4 46. Qc8 Rxc8 47. dxc8=Q Kh5 48. Kh3 Kh6 49. Qh8#
1-0

[Event "on which square would you like to be mated?"]
[Site "SchemingMind.com"]
[Date "2008.07.01"]
[Round "-"]
[White "Pedro666"]
[Black "flodur"]
[Result "1-0"]
[WhiteCountry "POL"]
[BlackCountry "AUS"]
[WhiteElo "2085"]
[WhiteRD "88"]
[BlackElo "2107"]
[BlackRD "82"]
[GameID "161100"]

1. d4 Nf6 2. g3 d5 3. Bg2 e6 4. c4 Be7 5. Nf3 O-O 6. O-O dxc4 7. Qc2 a6 8. a4 Bd7 9. Ne5 Bc6 10. Nxc6 Nxc6
11. Bxc6 bxc6 12. Qxc4 Qd5 13. Qc2 Rab8 14. Nd2 c5 15. dxc5 Bxc5 16. Nc4 Ng4 17. Bd2 Qh5 18. h4 f5 19. Bf4 g5 20. Bxg5 f4
21. Kg2 h6 22. f3 hxg5 23. fxg4 Qxg4 24. Qg6+ Kh8 25. Rf3 Qf5 26. Qh6+ Kg8 27. hxg5 Rf7 28. g6 Rd7 29. Rd1 Rbd8 30. Rxf4
1-0

[Event "on which square would you like to be mated?"]
[Site "SchemingMind.com"]
[Date "2008.07.01"]
[Round "-"]
[White "calidore"]
[Black "Pedro666"]
[Result "0-1"]
[WhiteCountry "ISR"]
[BlackCountry "POL"]
[WhiteElo "1860"]
[WhiteRD "62"]
[BlackElo "2074"]
[BlackRD "83"]
[GameID "161101"]

1. e4 Nf6 2. e5 Nd5 3. d4 d6 4. Nf3 Bg4 5. Be2 c6 6. O-O Bxf3 7. Bxf3 dxe5 8. dxe5 e6 9. c4 Ne7 10. Qxd8+ Kxd8
11. b3 Nd7 12. Bb2 Ng6 13. Nd2 Ngxe5 14. Be4 Be7 15. Nf3 Nxf3+ 16. Bxf3 Bf6 17. Bxf6+ Nxf6 18. Rad1+ Kc7 19. Rfe1 Rhd8 20. Kf1 Rxd1
21. Rxd1 Rd8 22. Rxd8 Kxd8 23. Ke2 Kc7 24. Kd3 Nd7 25. Kd4 Kd6 26. a3 f5 27. Be2 e5+ 28. Ke3 e4 29. f3 exf3 30. Bxf3 Nc5
31. b4 Ne6 32. g3 Ke5 33. Kd3 g6 34. Ke3 h5 35. Be2 f4+ 36. Kd3 fxg3 37. hxg3 Ng5 38. Ke3 Ne4 39. Bd3 Nxg3 40. Bxg6 Nf5+
41. Kf2 h4 42. b5 c5 43. a4 Kf4 44. a5 b6 45. axb6 axb6 46. Bf7 Ne3 47. Be6 Ke4 48. Ke2 Kd4 49. Kf3 Nxc4 50. Kg4 Ne3+
51. Kxh4 c4 52. Kg3 c3 53. Bb3 c2 54. Bxc2 Nxc2 55. Kf2 Kd3 56. Kf3 Nd4+ 57. Kf2 Nxb5 58. Kf3 Nc3 59. Kf4 b5
0-1

[Event "on which square would you like to be mated?"]
[Site "SchemingMind.com"]
[Date "2008.06.27"]
[Round "-"]
[White "WENDELL DUKES"]
[Black "Pedro666"]
[Result "0-1"]
[WhiteCountry "USA"]
[BlackCountry "POL"]
[WhiteElo "1865"]
[WhiteRD "95"]
[BlackElo "2022"]
[BlackRD "75"]
[GameID "161102"]

1. e4 Nf6 2. Nc3 d5 3. exd5 Nxd5 4. Nf3 Bg4 5. d3 e6 6. Be2 Be7 7. Bd2 O-O 8. O-O c5 9. h3 Bxf3 10. Bxf3 Nc6
11. Ne4 Nd4 12. c3 Nxf3+ 13. Qxf3 Qd7 14. Bg5 f5 15. Bxe7 fxe4 16. Qxf8+ Rxf8 17. Bxf8 Kxf8 18. dxe4 Nf4 19. Rad1 Qb5 20. Rd2 c4
21. Rfd1 Nd3 22. b3 cxb3 23. Rxd3 b2 24. Rd8+ Ke7 25. Rg8 b1=Q 26. Rd8 Qxe4 27. R8d4 Qg6 28. Rg4 Qf6 29. Rdd4 Qb1+ 30. Kh2 Qxf2
31. Rxg7+ Kf6 32. Rgg4 Qbg1#
0-1

[Event "on which square would you like to be mated?"]
[Site "SchemingMind.com"]
[Date "2008.07.01"]
[Round "-"]
[White "flodur"]
[Black "Pedro666"]
[Result "1-0"]
[WhiteCountry "AUS"]
[BlackCountry "POL"]
[WhiteElo "2107"]
[WhiteRD "82"]
[BlackElo "2085"]
[BlackRD "88"]
[GameID "161103"]

1. e4 Nf6 2. e5 Nd5 3. d4 d6 4. Nf3 Bg4 5. Be2 c6 6. O-O Bxf3 7. Bxf3 dxe5 8. dxe5 e6 9. Nd2 Nd7 10. Nc4 N7b6
11. Qe2 Nxc4 12. Qxc4 Qc7 13. Re1 Qa5 14. c3 Qc5 15. Qe4 O-O-O 16. a3 Nb6 17. Be3 Qc4 18. Bd4 Qd5 19. Qf4 Qd7 20. b4 Qc7
21. Qe4 Be7 22. a4 Kb8 23. a5 Nd7 24. Reb1 a6 25. c4 f6 26. b5 cxb5 27. cxb5 Nxe5 28. Bxe5 fxe5 29. bxa6
1-0

[Event "on which square would you like to be mated?"]
[Site "SchemingMind.com"]
[Date "2008.07.04"]
[Round "-"]
[White "dvaldez"]
[Black "calidore"]
[Result "0-1"]
[WhiteCountry "CAN"]
[BlackCountry "ISR"]
[WhiteElo "1941"]
[WhiteRD "81"]
[BlackElo "1868"]
[BlackRD "71"]
[GameID "162071"]

1. e4 Nf6 2. e5 Nd5 3. d4 d6 4. Nf3 Bg4 5. Be2 c6 6. O-O Bxf3 7. Bxf3 dxe5 8. dxe5 e6 9. c4 Ne7 10. Qxd8+ Kxd8
11. Bd2 Nd7 12. Re1 Ng6 13. Bc3 Bc5 14. Nd2 Bb6 15. Rad1 Ke7 16. g3 Rhd8 17. h4 Bc7 18. Bg2 Bxe5 19. Bxe5 Ngxe5 20. b3 Nd3
21. Re3 Nf6 22. Ne4 Nb4 23. Rxd8 Rxd8 24. Nxf6 Kxf6 25. a3 Nc2 26. Rf3+ Ke7 27. b4 Rd1+ 28. Kh2 Ne1 29. Rc3 Nxg2 30. Kxg2 Kd6
31. Kf3 h5 32. Ke3 b6 33. Rc2 Ke5 34. Rc3 a6 35. Ke2 Rd4 36. Ke3 c5 37. Rc1 f5 38. f4+ Kd6 39. Rc3 e5 40. fxe5+ Kxe5
41. bxc5 bxc5 42. Rc1 f4+ 43. gxf4+ Rxf4 44. Rg1 Rg4 45. Rd1 Rxc4 46. Rd7 g6 47. Rg7 Kf6 48. Ra7 Rc3+ 49. Ke4 Rxa3 50. Kd5 Ra4
51. Kxc5 Kf5 52. Rf7+ Ke6 53. Rg7 Kf6 54. Rd7 Rxh4 55. Rd6+ Kf5 56. Rxa6 Re4 57. Kd5 Re8 58. Ra1 Rd8+ 59. Kc4 g5 60. Rh1 h4
0-1

[Event "on which square would you like to be mated?"]
[Site "SchemingMind.com"]
[Date "2008.07.03"]
[Round "-"]
[White "dvaldez"]
[Black "Pedro666"]
[Result "0-1"]
[WhiteCountry "CAN"]
[BlackCountry "POL"]
[WhiteElo "1954"]
[WhiteRD "81"]
[BlackElo "2094"]
[BlackRD "89"]
[GameID "162072"]

1. e4 Nf6 2. e5 Nd5 3. d4 d6 4. Nf3 Bg4 5. Be2 c6 6. O-O Bxf3 7. Bxf3 dxe5 8. dxe5 e6 9. c4 Ne7 10. Qe2 Ng6
11. Bh5 Qd4 12. Bxg6 hxg6 13. Rd1 Qh4 14. h3 Nd7 15. Nd2 O-O-O 16. Nf3 Qh5 17. Bg5 f6 18. Bf4 g5 19. Bh2 f5 20. Nd4 Qxe2
21. Nxe2 Bc5 22. Nd4 Bxd4 23. Rxd4 f4 24. Re1 Nc5 25. Red1 Rxd4 26. Rxd4 Rd8 27. Rxd8+ Kxd8 28. h4 gxh4 29. Bxf4 Nd3 30. Bg5+ Ke8
31. b3 Nxe5 32. Bxh4 Nd3 33. f3 Nc1 34. Bf2 b6 35. c5 b5 36. Be1 Nxa2 37. Bd2 b4 38. Kf2 e5 39. Ke3 Ke7 40. g4 Ke6
41. Ke4 Nc3+ 42. Kd3 Kd5 43. g5 Kxc5 44. Be3+ Kd5 45. Bxa7 c5 46. Bb6 Nb5 47. Bd8 Nd4 48. g6 Nxf3 49. Bf6 e4+ 50. Ke3 Nd4
51. Bxg7 Nf5+
0-1

[Event "on which square would you like to be mated?"]
[Site "SchemingMind.com"]
[Date "2008.07.04"]
[Round "-"]
[White "dvaldez"]
[Black "WENDELL DUKES"]
[Result "1/2-1/2"]
[WhiteCountry "CAN"]
[BlackCountry "USA"]
[WhiteElo "1966"]
[WhiteRD "85"]
[BlackElo "1889"]
[BlackRD "91"]
[GameID "162073"]

1. e4 c5 2. Nf3 Nc6 3. Bb5 a6 4. Ba4 b5 5. Bb3 c4 6. a4 cxb3 7. axb5 Nb4 8. cxb3 Nd3+ 9. Ke2 Nf4+ 10. Kf1 Bb7
11. d3 Ng6 12. Nc3 e6 13. Be3 Be7 14. b6 Nf6 15. g3 O-O 16. Kg2 d5 17. e5 Nxe5 18. Nxe5 d4+ 19. Nf3 dxe3 20. fxe3 Qxb6
21. e4 Rad8 22. Qc2 Ng4 23. Nd1 Rd7 24. h3 Ne3+ 25. Nxe3 Qxe3 26. Rad1 Rc8 27. Qb1 Rdc7 28. Rd2 Bb4 29. Rf2 f6 30. h4 e5
31. h5 h6 32. Nh4 Bd2 33. Nf5 Qg5 34. Qd1 Bb4 35. Rh4 Kh8 36. Rg4 Qxh5 37. Nxh6 gxh6 38. Rg8+ Kxg8 39. Qxh5 Kg7 40. Qg4+ Kf7
41. Qh5+ Kg7 42. Qg4+ Kf7 43. Qh5+ Kg7
1/2-1/2

[Event "on which square would you like to be mated?"]
[Site "SchemingMind.com"]
[Date "2008.07.08"]
[Round "-"]
[White "dvaldez"]
[Black "flodur"]
[Result "1/2-1/2"]
[WhiteCountry "CAN"]
[BlackCountry "AUS"]
[WhiteElo "1941"]
[WhiteRD "81"]
[BlackElo "2107"]
[BlackRD "82"]
[GameID "162074"]

1. e4 c5 2. Nf3 Nc6 3. d4 cxd4 4. Nxd4 Nf6 5. Nc3 e5 6. Ndb5 d6 7. Bg5 a6 8. Na3 b5 9. Nd5 Be7 10. Bxf6 Bxf6
11. c3 Bg5 12. Nc2 O-O 13. a4 bxa4 14. Rxa4 Rb8 15. b4 a5 16. b5 Ne7 17. Nce3 Bxe3 18. Nxe3 f5 19. Bc4+ Kh8 20. exf5 Nxf5
21. Nxf5 Bxf5 22. Qd5 Qb6 23. O-O Bd7 24. Ra2 Bxb5 25. Bxb5 Qxb5 26. Qxd6 Rfd8 27. Qa3 Rd5 28. h3 h6 29. Qa4= Qd3 30. c4 Rd4
31. Qxa5 Re4 32. Raa1 Qxc4=
1/2-1/2

[Event "on which square would you like to be mated?"]
[Site "SchemingMind.com"]
[Date "2008.07.04"]
[Round "-"]
[White "calidore"]
[Black "dvaldez"]
[Result "0-1"]
[WhiteCountry "ISR"]
[BlackCountry "CAN"]
[WhiteElo "1883"]
[WhiteRD "58"]
[BlackElo "1916"]
[BlackRD "88"]
[GameID "162075"]

1. e4 c5 2. c3 Nc6 3. d4 cxd4 4. cxd4 Nf6 5. Bd3 Nxd4 6. Be3 e5 7. Nc3 Bb4 8. Ne2 Nxe2 9. Qxe2 O-O 10. O-O d6
11. Bg5 Bxc3 12. bxc3 h6 13. Bh4 Bg4 14. Qe3 Rc8 15. Rfc1 a6 16. Qg3 Be6 17. f4 Qb6+ 18. Kh1 Nh5 19. Qf3 Nxf4 20. Bf1 Rc6
21. Rab1 Qc7 22. Bf2 Bxa2 23. Rb2 Bc4 24. Bxc4 Rxc4 25. g3 Nh3 26. Bb6 Qc6
0-1

[Event "on which square would you like to be mated?"]
[Site "SchemingMind.com"]
[Date "2008.07.04"]
[Round "-"]
[White "Pedro666"]
[Black "dvaldez"]
[Result "1-0"]
[WhiteCountry "POL"]
[BlackCountry "CAN"]
[WhiteElo "2074"]
[WhiteRD "83"]
[BlackElo "1966"]
[BlackRD "85"]
[GameID "162076"]

1. d4 Nf6 2. Nf3 e6 3. Bf4 d5 4. e3 Bd6 5. Ne5 O-O 6. Nd2 Nbd7 7. Bd3 Qe7 8. O-O c5 9. c3 c4 10. Bc2 Re8
11. Qe2 Nf8 12. e4 Bxe5 13. Bxe5 Bd7 14. Rae1 Bc6 15. Bxf6 Qxf6 16. f4 b5 17. e5 Qe7 18. f5 exf5 19. Bxf5 Bd7 20. Bb1 a5
21. Qe3 Ra6 22. Rf3 Rb8 23. Ref1 Be8 24. Rh3 Rbb6 25. Nf3 Rh6 26. Rg3 Ne6 27. Bf5 b4 28. Qxh6
1-0

[Event "on which square would you like to be mated?"]
[Site "SchemingMind.com"]
[Date "2008.07.06"]
[Round "-"]
[White "WENDELL DUKES"]
[Black "dvaldez"]
[Result "1/2-1/2"]
[WhiteCountry "USA"]
[BlackCountry "CAN"]
[WhiteElo "1838"]
[WhiteRD "91"]
[BlackElo "1941"]
[BlackRD "81"]
[GameID "162077"]

1. e4 c5 2. Nf3 Nc6 3. d4 cxd4 4. Bc4 e6 5. Nxd4 Nf6 6. Nxc6 bxc6 7. Nc3 d5 8. exd5 exd5 9. Bd3 Bb4 10. O-O O-O
11. Bg5 h6 12. Bh4 Be6 13. a3 Be7 14. h3 Rb8 15. b3 Qd7 16. Qf3 a5 17. a4 Rb4 18. Bg3 d4 19. Na2 Rb6 20. Rae1 Bd5
21. Qf5 Qxf5 22. Bxf5 Rb7 23. Rxe7 Rxe7 24. Bd6 Re2 25. Bxf8 Kxf8 26. Nc1 Re5 27. Bd3 Rg5 28. f3 Be6 29. Kf2 Nd5 30. h4 Re5
31. Re1 Ne3 32. Ne2 c5 33. Nf4 Bc8 34. Ne2 Bf5 35. Ng3 Bxd3 36. cxd3 f5 37. Rc1 g6 38. Ne2 Nxg2 39. Nxd4 Nxh4 40. Nc6 Rd5
41. Rc3 f4 42. Nxa5 Nf5 43. Nb7 Re5 44. Nxc5 Re3 45. a5 Nd4 46. a6 Rxf3+ 47. Kg2 Rg3+ 48. Kf2 Rf3+ 49. Kg2 Rg3+ 50. Kf2 Rf3+=
1/2-1/2

[Event "on which square would you like to be mated?"]
[Site "SchemingMind.com"]
[Date "2008.07.08"]
[Round "-"]
[White "flodur"]
[Black "dvaldez"]
[Result "1-0"]
[WhiteCountry "AUS"]
[BlackCountry "CAN"]
[WhiteElo "2107"]
[WhiteRD "82"]
[BlackElo "1941"]
[BlackRD "81"]
[GameID "162078"]

1. e4 c5 2. Nf3 Nc6 3. d4 cxd4 4. Nxd4 Nf6 5. Nc3 e5 6. Ndb5 d6 7. Bg5 a6 8. Na3 b5 9. Nd5 Be7 10. Bxf6 Bxf6
11. c3 O-O 12. Nc2 Bg5 13. a4 bxa4 14. Rxa4 a5 15. Bc4 Rb8 16. b3 Kh8 17. O-O f5 18. exf5 Bxf5 19. Nce3 Bg6 20. Re1 Rb7
21. Ra2 Bxe3 22. Rxe3 Ne7 23. Nxe7 Rxe7 24. Bd5 Qb6 25. Qd2 Ra7 26. Rh3 a4 27. b4 Bf7 28. Bxf7 Raxf7 29. Qe3 Qb5 30. Qd3 Qb6
31. Qxh7#
1-0

[Event "on which square would you like to be mated?"]
[Site "SchemingMind.com"]
[Date "2008.07.07"]
[Round "-"]
[White "faulty"]
[Black "dvaldez"]
[Result "0-1"]
[WhiteCountry "USA"]
[BlackCountry "CAN"]
[WhiteElo "1945"]
[WhiteRD "75"]
[BlackElo "1898"]
[BlackRD "85"]
[GameID "162568"]

1. e4 c5 2. Nf3 Nc6 3. d4 cxd4 4. Nxd4 Nf6 5. Nc3 e5 6. Ndb5 d6 7. Bg5 a6 8. Na3 b5 9. Nd5 Be7 10. Bxf6 Bxf6
11. c3 O-O 12. Be2 Bg5 13. O-O Ne7 14. c4 Nxd5 15. Qxd5 Be6 16. Qd3 bxc4 17. Nxc4 Bxc4 18. Qxc4 Qb6 19. b3 a5 20. Rad1 Rac8
21. Qd3 Be7 22. Rc1 Bg5 23. Rc2 Rc6 24. g3 Rfc8 25. Rfc1 Bxc1
0-1

[Event "on which square would you like to be mated?"]
[Site "SchemingMind.com"]
[Date "2008.07.08"]
[Round "-"]
[White "faulty"]
[Black "calidore"]
[Result "1/2-1/2"]
[WhiteCountry "USA"]
[BlackCountry "ISR"]
[WhiteElo "2003"]
[WhiteRD "69"]
[BlackElo "1867"]
[BlackRD "47"]
[GameID "162569"]

1. e4 Nf6 2. e5 Nd5 3. d4 d6 4. f4 Bf5 5. Nf3 e6 6. Bc4 dxe5 7. fxe5 Be7 8. O-O Nc6 9. c3 a6 10. a4 Na5
11. Ba2 c5 12. Kh1 Nc6 13. Bxd5 Qxd5 14. Be3 cxd4 15. cxd4 O-O 16. Nc3 Qd7 17. d5 exd5 18. Nxd5 Be6 19. Nxe7+ Qxe7 20. Qc2 Rfc8
21. Bc5 Nd4 22. Bxe7 Nxc2 23. Rac1 Ne3= 24. Rfe1 Nf5 25. Bc5 h6 26. b4 Bd5 27. Kg1 g6 28. Nd4 Nxd4 29. Bxd4 Rc4=
1/2-1/2

[Event "on which square would you like to be mated?"]
[Site "SchemingMind.com"]
[Date "2008.07.07"]
[Round "-"]
[White "faulty"]
[Black "Pedro666"]
[Result "0-1"]
[WhiteCountry "USA"]
[BlackCountry "POL"]
[WhiteElo "1947"]
[WhiteRD "79"]
[BlackElo "2068"]
[BlackRD "81"]
[GameID "162570"]

1. e4 Nf6 2. e5 Nd5 3. d4 d6 4. Nf3 Bg4 5. Bc4 e6 6. h3 Bh5 7. g4 Bg6 8. Bd3 dxe5 9. Nxe5 Bxd3 10. Nxd3 Be7
11. Nc3 Nc6 12. Ne2 Bf6 13. c3 Qe7 14. Nc5 O-O-O 15. Qb3 Nb6 16. Be3 e5 17. d5 Na5 18. Qb5 Nac4 19. O-O-O Nxe3 20. fxe3 Bg5
21. Kc2 Bxe3 22. Ne4 Qd7 23. Qb3 f5 24. gxf5 Qxf5 25. Ng3 Qg6 26. Rd3 Bf4 27. Rhd1 Bxg3 28. Nxg3 e4 29. Re3 Rhf8 30. Kc1 Qh6
0-1

[Event "on which square would you like to be mated?"]
[Site "SchemingMind.com"]
[Date "2008.07.08"]
[Round "-"]
[White "faulty"]
[Black "WENDELL DUKES"]
[Result "1-0"]
[WhiteCountry "USA"]
[BlackCountry "USA"]
[WhiteElo "1952"]
[WhiteRD "70"]
[BlackElo "1865"]
[BlackRD "95"]
[GameID "162571"]

1. e4 c5 2. Nf3 Nc6 3. d4 cxd4 4. Nxd4 e6 5. Nb5 d6 6. c4 a6 7. N5c3 Be7 8. Be3 Nf6 9. Be2 O-O 10. O-O Qa5
11. Nd2 Bd7 12. Nb3 Qc7 13. f4 b6 14. Kh1 Rfb8 15. a3 h6 16. Rc1 Qd8 17. Bf3 e5 18. Qe2 Bf8 19. f5 Qc8 20. Nd5 Qd8
21. Qf2 Nxd5 22. cxd5 Na7 23. Nd2 Nc8 24. g4 Bb5 25. Rg1 Be7 26. Be2 Bxe2 27. Qxe2 b5 28. Nf3 Nb6 29. g5 Nc4 30. gxh6 Nxe3
31. Rxg7+ Kh8 32. Qxe3 Rc8 33. Rcg1 Bf6 34. Rxf7 Rc2 35. h7 Rxb2 36. Qh6 Rf2 37. Rg8+ Qxg8 38. hxg8=Q+ Kxg8 39. Qh7#
1-0

[Event "on which square would you like to be mated?"]
[Site "SchemingMind.com"]
[Date "2008.07.12"]
[Round "-"]
[White "faulty"]
[Black "flodur"]
[Result "0-1"]
[WhiteCountry "USA"]
[BlackCountry "AUS"]
[WhiteElo "1934"]
[WhiteRD "84"]
[BlackElo "2036"]
[BlackRD "87"]
[GameID "162572"]

1. e4 c5 2. Nf3 Nc6 3. d4 cxd4 4. Nxd4 Nf6 5. Nc3 e5 6. Ndb5 d6 7. Bg5 a6 8. Na3 b5 9. Nd5 Be7 10. Bxf6 Bxf6
11. Nxf6+ Qxf6 12. Qd5 Bb7 13. Be2 O-O 14. O-O Qe7 15. Qd2 Nd4 16. Bd3 Ne6 17. c4 Nf4 18. f3 b4 19. Nc2 a5 20. g3 Ne6
21. Rf2 Nc5 22. b3 Bc6 23. Ne3 g6 24. Nd5 Bxd5 25. cxd5 Rfb8 26. Bc4 Kg7 27. Re1 a4 28. f4 f6 29. Qe2 axb3 30. axb3 Ra3
31. Rb1 exf4 32. Rxf4 Re8 33. Qg2 Nxe4 34. Re1 f5 35. g4 Qa7+ 36. Kh1 Nf2+
0-1